Les chauves les plus sexy - Statistiques

Statistiques générales
  • Ce quiz a été pris 322 fois
  • Le résultat moyen est 6 sur 10
Statistiques - réponses
Par images Réponse % Correct
Vin Diesel
82%
Mike Tyson
81%
Dwayne Johnson
76%
Michael Jordan
73%
Bruce Willis
63%
Jason Statham
63%
Pitbull
60%
John Travolta
36%
Floyd Mayweather
17%
William de Galles
8%
Aucun quiz correspondant
Distribution des résultats
% des personnes avec chaque résultat
Percentile par nombre de réponses
Votre historique - résultats
Vous n’avez pas pris ce quiz